College Quizbowl Stats
College Quizbowl Stats
Circuits
Seasons
Sets
Records
Detailed Stats
About
Loading...
2024 ACF Regionals @ MIT
Tossups
Bonuses
Players
Teams
Categories (Tossup)
Categories (Bonus)
Megan Wang
Brown A
Categories
Category
Powers
Gets
Negs
BBs
Points
Earliest Buzz
Avg. Buzz
First Buzzes
Top 3 Buzzes
Fine Arts - Classical Music
0
2
0
0
20
91
99.00
2
2
Fine Arts - Other Fine Arts
0
1
0
0
10
87
87.00
0
1
Mythology
0
1
0
0
10
66
66.00
1
1
Buzzes
Category
Answer
Value
Buzz Position
Mythology
Sekhmet
10
66
Fine Arts - Other Fine Arts
Peking opera
10
87
Fine Arts - Classical Music
Gloria
10
91
Fine Arts - Classical Music
Gustav Mahler’s Symphony No. 1 in D major
10
107
Previous
1
Next